Telas y Entretelas.
Gespeichert in:
| 1. Verfasser: | |
|---|---|
| Format: | Buch |
| Sprache: | Spanisch |
| Veröffentlicht: |
Santiago, Chile:
Ediciones On Demand; Ediciones Otra Yo,
2018.
|
| Schlagworte: | |
| Tags: |
Tag hinzufügen
Keine Tags, Fügen Sie den ersten Tag hinzu!
|
MARC
| LEADER | 00000nam a22000007a 4500 | ||
|---|---|---|---|
| 003 | CL-VaPUC | ||
| 005 | 20250321101916.0 | ||
| 008 | 250113t2018 ||||| |||| 00| 0 spa d | ||
| 999 | |c 446447 |d 446445 | ||
| 020 | |a 978-956-398-220-6 | ||
| 040 | |c Pontificia Universidad Católica de Valparaíso | ||
| 082 | |2 22 |a Ch861 CAL 2018 | ||
| 100 | |9 895250 |a Calderón, Lila |e autora |e edición |e pinturas y dibujos | ||
| 245 | |a Telas y Entretelas. | ||
| 260 | |a Santiago, Chile: |b Ediciones On Demand; |b Ediciones Otra Yo, |c 2018. | ||
| 300 | |a 117 páginas: |b ilustraciones. | ||
| 500 | |a c.1-2: Instituto Arcos. 08-01-2025 | ||
| 583 | |c 20250113 |k Yessy Sthefany Diaz Vidal | ||
| 650 | 0 | |9 265280 |a Poesías chilenas |x Moda, vestuario, etc. |y Siglo 21 | |
| 942 | |2 ddc |c BK |n 0 | ||
| 952 | |0 0 |1 0 |2 ddc |4 0 |6 CH_861_000000000000000_CAL_2018 |7 0 |8 A |9 599154 |a BIBINC |b BIBINC |d 2025-01-13 |e Instituto Arcos |i 5663998 |o Ch861 CAL 2018 |p 5663998 |r 2025-01-13 |t 1 |w 2025-01-13 |y BK |k IFP | ||
| 952 | |0 0 |1 0 |2 ddc |4 0 |6 CH_861_000000000000000_CAL_2018 |7 0 |8 A |9 599155 |a BIBINC |b BIBINC |d 2025-01-13 |e Instituto Arcos |i 5663999 |o Ch861 CAL 2018 |p 5663999 |r 2025-01-13 |t 2 |w 2025-01-13 |y BK |k IFP | ||